Étude sur le rôle de l'accent latin dans la langue française / (Record no. 161433)

MARC details
000 -LEADER
campo de control de longitud fija 00695nam a22001815i 4500
001 - NÚMERO DE CONTROL
campo de control 161433
003 - IDENTIFICADOR DE NÚMERO DE CONTROL
campo de control ES-MaACL
005 - FECHA Y HORA DE LA ÚLTIMA TRANSACCIÓN
campo de control 20250907063122.0
008 - DATOS DE LONGITUD FIJA--INFORMACIÓN GENERAL
campo de control de longitud fija 041021s1862 fr |||| | fre d
040 ## - FUENTE DE CATALOGACIÓN
Centro catalogador/agencia de origen CAM
Lengua de catalogación spa
Centro/agencia transcriptor CAM
100 1# - ENTRADA PRINCIPAL--NOMBRE DE PERSONA
Nombre de persona Paris, Gaston,
Fechas asociadas al nombre 1839-1903
9 (RLIN) 89136
245 10 - MENCIÓN DEL TÍTULO
Título Étude sur le rôle de l'accent latin dans la langue française /
Mención de responsabilidad, etc. par Gaston Paris.
260 ## - PUBLICACIÓN, DISTRIBUCIÓN, ETC.
Lugar de publicación, distribución, etc. Paris ;
-- Leipzig :
Nombre del editor, distribuidor, etc. Libraire A. Franck,
Fecha de publicación, distribución, etc. 1862 (
Fabricante Typographie de A. Dupré)
300 ## - DESCRIPCIÓN FÍSICA
Extensión 132 p. ;
Dimensiones 23 cm.
650 #4 - PUNTO DE ACCESO ADICIONAL DE MATERIA--TÉRMINO DE MATERIA
Término de materia o nombre geográfico como elemento de entrada Lengua francesa-
Subdivisión general Gramática.
9 (RLIN) 14220
852 ## - LOCALIZACIÓN
Ubicación ES-MaACL
Número de control de estantería T-375-F-2
Nota libre -- Enc. hol.
condición física -- Falto de la cub. original
Nota libre -- Enc. en un vol. facticio
Holdings
Estatus retirado Estado de pérdida Estado de daño No para préstamo Colección Biblioteca de origen Biblioteca actual Ubicación en estantería Fecha de adquisición Total de préstamos Signatura topográfica completa Código de barras Visto por última vez Precio de reemplazo Tipo de ítem Koha
        Colección de folletos Biblioteca del Ateneo de Madrid Biblioteca del Ateneo de Madrid Depósito folletos 17/01/2008   T-375-F-2 1169097 23/02/2023 23/02/2023 Folleto